000 00897nam a22002657a 4500
999 _c12664
_d12664
003 AR-CdUCM
008 190409b ||||| |||| 00| 0 spa d
040 _aMUNICIPALIDAD PROVINCIAL DEL CUSCO
_cBIBLIOTECA MUNICIPAL DEL CUSCO
082 _a082 /
_bZ84
100 _aZola, Émile
_912752
245 _aObras Inmortales :
_bLa Taberna /
260 _aMadrid :
_bE.D.A.F.
300 _a1671 paginas ;
_c17 cm.
_bIlustraciones,
440 _aColección Obras Inmortales
_930580
505 _aContenido : La taberna -- Naná -- La tierra -- La bestia Humana.
650 _aCuentos
_9312
650 _aNovelas
_9218
650 _aBiografías
_9148
650 _aNarraciones
_9930
700 _aGonzale Gerti, R. (Traductor)
_930621
700 _aBarragán, Zambrano (Traductor)
_930627
700 _aDeratoner, Amancio (Traductor)
_930628
942 _2ddc
_cLIBROS
945 _awnts
_d2019-04-09